|
|
|
|
| LEADER |
00000nab a2200000 a 4500 |
| 001 |
vtls001012249 |
| 003 |
SK-MaSNL |
| 005 |
20260305003055.0 |
| 008 |
040720e20030000xo 0 slo |
| 035 |
|
|
|a RV12849
|
| 040 |
|
|
|a RVGKPD
|b slo
|c RVGKPD
|e AACR2
|
| 041 |
0 |
|
|a slo
|
| 044 |
|
|
|a xo
|c SK
|
| 080 |
|
|
|a 654.197
|2 1981
|
| 100 |
1 |
|
|a Kováč, Juraj,
|d 1945-
|4 aut
|9 214202
|
| 245 |
1 |
0 |
|a Budeme mať televíziu "JOJ"?
|
| 610 |
2 |
7 |
|a Televízia JOJ
|2 RVGKPD
|9 237393
|
| 610 |
2 |
7 |
|a Televízia Markíza
|2 RVGKPD
|9 59718
|
| 650 |
0 |
7 |
|a televízia
|2 RVGKPD
|9 16407
|
| 650 |
0 |
7 |
|a televízne vysielanie
|2 RVGKPD
|9 2922
|
| 651 |
|
7 |
|a Vlachovo (Slovensko)
|2 RVGKPD
|9 29546
|
| 655 |
|
7 |
|a periodikum
|2 snkbucl
|9 29553
|
| 710 |
2 |
|
|a Televízia JOJ
|4 aut
|9 237393
|
| 710 |
2 |
|
|a Televízia Markíza
|4 aut
|9 59718
|
| 773 |
0 |
8 |
|t Stromíš - Vlachovské noviny
|g Roč. 5, č.4 (2003), s. 7
|
| 852 |
|
|
|a ZVYKNI
|b KIS3GCP
|
| 999 |
|
|
|c 3228467
|d 3230397
|